01610nam a2200421 i 450000100060000000300080000600500170001400600190003100700150005000800410006502000180010602000280012403500220015204000310017405000220020508000090022708200160023610000340025224501630028626400550044930000580050433600290056233700330059133800390062449000370066358800830070065000230078365000380080665000420084465000240088665000440091065000460095465500270100070000320102770000280105983000380108785600630112549545FINmELB20241216232035.0m o u cr cn|||||||||210225s2010 mx a o 000 0 spa d z9786077588306 a9781512975239q(e-book) a(OCoLC)1241985504 aFINmELBbspaerdacFINmELB14aBV2100bM541 2010 a2-7604a266.0092231 aMenegus Bornemann, Margarita.13aLa secularización de las doctrinas de indios en la Nueva España :bla pugna entre las dos iglesias /cMargarita Menegus, Francisco Morales, Oscar Mazín. 1aMéxico, D.F. :bBonilla Artigas Editores,c2010. a1 recurso en línea (240 páginas) :bilustraciones atextobtxt2rdamedia/spa acomputadorabc2rdamedia/spa arecurso en línea2rdacarrier/spa1 aIISUE historia de la educación aDescripción basada en metadatos suministrados por el editor y otras fuentes. 0aMissionsxHistory. 0aCatholic ChurchzMexicoxHistory. 0aIndians of MexicoxSocial conditions. 4aMisionesxHistoria. 4aIglesia CatólicazMéxicoxHistoria. 4aIndios de MéxicoxCondiciones sociales. 4aLibros electrónicos.1 aMorales, Francisco,eautor.1 aMazín, Oscar,eautor. 0aIISUE historia de la educación.40uhttps://elibro.net/ereader/politecnicointernacional/121316